00414nam a22001577a 450000500170000000800410001704000070005804100120006508200200007710000210009724500220011826000550014030000260019565000120022170000230023320230201094616.0230201b ||||| |||| 00| 0 eng d cAL aEnglish 223a658.1bBAGS aShirish Bagewadi aStrategic Finance aPunebSymbiosis Centre for Distance Learningc2009 a286 p.bPBc24x17 cm. aFinance aBAGEWADI (Shirish)